Africa hybrid catfish nourishment in the tank at prek chang village kompong samnanh commune takhmau district kandal province, ការចិញ្ចឹមបំប៉នកូនត្រីអណ្ដែងកូនកាត់អាព្រិចនៅក្នុងអាងស៊ីម៉ង់តិ៍ នៅក្នុងភូមិព្រែកចាំង ឃុំកំពង់សំណាញ់ ស្រុកតាខ្មៅ ស្ថិតក្នុងខេត្តកណ្ដាល (Record no. 7871)
[ view plain ]
| 000 -LEADER | |
|---|---|
| fixed length control field | 00868nam a22001457a 4500 |
| 003 - CONTROL NUMBER IDENTIFIER | |
| control field | OSt |
| 005 - DATE AND TIME OF LATEST TRANSACTION | |
| control field | 20160330100729.0 |
| 008 - FIXED-LENGTH DATA ELEMENTS--GENERAL INFORMATION | |
| fixed length control field | 160330b xxu||||| |||| 00| 0 eng d |
| 040 ## - CATALOGING SOURCE | |
| Transcribing agency | RUA |
| 082 ## - DEWEY DECIMAL CLASSIFICATION NUMBER | |
| Classification number | FIS SUO 2003 B472 Or.1 |
| 100 ## - MAIN ENTRY--PERSONAL NAME | |
| 9 (RLIN) | 8242 |
| Personal name | SOUNG PISETH; សួង ពិសិដ្ឋ |
| 245 ## - TITLE STATEMENT | |
| Title | Africa hybrid catfish nourishment in the tank at prek chang village kompong samnanh commune takhmau district kandal province, ការចិញ្ចឹមបំប៉នកូនត្រីអណ្ដែងកូនកាត់អាព្រិចនៅក្នុងអាងស៊ីម៉ង់តិ៍ នៅក្នុងភូមិព្រែកចាំង ឃុំកំពង់សំណាញ់ ស្រុកតាខ្មៅ ស្ថិតក្នុងខេត្តកណ្ដាល |
| 300 ## - PHYSICAL DESCRIPTION | |
| Extent | 43p. |
| Other physical details | ill. |
| Dimensions | 29cm. |
| 942 ## - ADDED ENTRY ELEMENTS (KOHA) | |
| Source of classification or shelving scheme | |
| Koha item type | FIS |
No items available.